Reliability engineering and risk analysis: (Record no. 4013)
[ view plain ]
| 000 -LEADER | |
|---|---|
| fixed length control field | 00824nac a22002171u 4500 |
| 020 ## - INTERNATIONAL STANDARD BOOK NUMBER | |
| International Standard Book Number | 0824720008 |
| 082 ## - DEWEY DECIMAL CLASSIFICATION NUMBER | |
| Classification number | 620.00452 |
| Item number | M6891 |
| 090 ## - LOCALLY ASSIGNED LC-TYPE CALL NUMBER (OCLC); LOCAL CALL NUMBER (OCLC) | |
| -- | 4013 |
| -- | 4013 |
| 100 ## - MAIN ENTRY--PERSONAL NAME | |
| Personal name | Modarres, Mohammad |
| 245 ## - TITLE STATEMENT | |
| Title | Reliability engineering and risk analysis: |
| Remainder of title | A practical guide / |
| Statement of responsibility, etc | Mohammad Modarres, Mark Kaminskiy & Vasiliy Krivtsov |
| 260 ## - PUBLICATION, DISTRIBUTION, ETC. (IMPRINT) | |
| Place of publication, distribution, etc | New York : |
| Name of publisher, distributor, etc | Marcel Dekker, 1999 |
| Date of publication, distribution, etc | 1999 |
| 300 ## - PHYSICAL DESCRIPTION | |
| Extent | 542p.; |
| Dimensions | 22 cm. + |
| Accompanying material | 1 Computer disk( 3 1/2) |
| 440 ## - | |
| -- | Quality and reliability |
| -- | 55 |
| 504 ## - BIBLIOGRAPHY, ETC. NOTE | |
| Bibliography, etc | Includes index |
| 650 ## - SUBJECT ADDED ENTRY--TOPICAL TERM | |
| Topical term or geographic name as entry element | Relibility (Engineering) |
| 650 ## - SUBJECT ADDED ENTRY--TOPICAL TERM | |
| Topical term or geographic name as entry element | Risk assessment |
| 700 ## - ADDED ENTRY--PERSONAL NAME | |
| Personal name | Kaminskiy, Mark |
| 700 ## - ADDED ENTRY--PERSONAL NAME | |
| Personal name | Krivtsov, Vasiliy |
| 942 ## - ADDED ENTRY ELEMENTS (KOHA) | |
| Item type | Book - Borrowing |
| Call number prefix | 620.00452 M6891 |
| Withdrawn status | Item status | Damaged status | Not for loan | Home library | Current library | Shelving location | Date acquired | Source of acquisition | Total Checkouts | Total Renewals | Full call number | Barcode | Date last seen | Date last borrowed | Koha item type |
|---|---|---|---|---|---|---|---|---|---|---|---|---|---|---|---|
| Central Library | Central Library | First floor | 07/08/2015 | Purchase | 3 | 18 | 620.00452 MOD | 000000053 | 15/07/2025 | 06/12/2018 | Book - Borrowing |